The Modern girl : social definitions of growing up in Australia in the 1950's and 60's

Bibliographic Details
Main Author: Johnson, Lesley
Format: Book
Published: Buckingham : University Press , 1993
Subjects:

MARC

LEADER 00000cam a2200000 7i4500
001 0000002618
002 000002845
005 20000330.0
020 |a 033509998X 
090 0 0 |a 305.420994   |b JOH 
100 1 |a Johnson, Lesley 
245 1 4 |a The Modern girl :   |b social definitions of growing up in Australia in the 1950's and 60's   |c Lesley Johnson 
260 |a Buckingham :   |b University Press ,   |c 1993 
300 |a 184 p. ;   |c 21 cm. 
650 0 0 |a Feminism   |z Australia 
650 0 0 |a Teenage girls   |z Australia 
651 0 |a Australia   |x Social conditions 
999 |a 036053   |b BUKU   |c PINJAMAN   |e PERPUSTAKAAN KOMUNITI PETALING JAYA